000 00735cam a22002411 4500
001 16341
003 BD-RjUL
005 20211209000010.0
008 140213r19371956nyu 001 0 eng d
035 _a(BD-RjUL)16396
040 _aDLC
_cDLC
_dDLC
_dBD-RjUL
_beng
041 _aeng
082 0 0 _a792.0973
_bMCS 1956
100 1 _aMcCarthy, Mary,
_d1912-1989.
_950521
245 1 0 _aSights and spectacles, 1937-1956 /
_c Mary McCarthy,
260 _aNew York :
_bFarrar, Straus and Cudahy,
_cc1937[printed 1956]
300 _axvi, 183 p. :
_c21 cm.
650 0 _aTheater
_zNew York (State)
_zNew York.
_950522
650 0 _aDrama
_xHistory and criticism.
_950523
942 _2ddc
_cBK
999 _c16341
_d16341